[Event "Brno op 2nd"]
[Site "Brno"]
[Date "2011.11.17"]
[Round "8"]
[White "Havel, Frantisek"]
[Black "Kosina, Vladimir"]
[Result "1/2-1/2"]
[WhiteElo "1918"]
[BlackElo "1811"]
[PlyCount "100"]
[EventDate "2011.11.12"]
[EventType "swiss"]
[EventRounds "9"]
[EventCountry "CZE"]
[SourceTitle "EXT 2012"]
[Source "ChessBase"]
[SourceDate "2011.11.24"]
[SourceVersion "1"]
[SourceVersionDate "2011.11.24"]
[SourceQuality "1"]

1. e4 e6 2. d4 d5 3. Nd2 Nf6 4. e5 Nfd7 5. f4 c5 6. Ngf3 Nc6 7. c3 cxd4 8. Nxd4 Bc5 9. N2f3 a6 10. Rb1 0-0 11. Bd3 Qb6 12. Bxh7+ Kh8 13. Bc2 Nxd4 14. cxd4 Be7 15. Qd3 f5 16. exf6 Nxf6 17. Ne5 Bb4+ 18. Ke2 Kg8 19. g4 Qb5 20. g5 Ne4 21. Qxb5 axb5 22. a3 Bd6 23. Bxe4 Bxe5 24. dxe5 dxe4 25. Ke3 Ra6 26. Rd1 Rc6 27. Kxe4 Rc4+ 28. Rd4 Bd7 29. b3 Bc6+ 30. Ke3 Rxd4 31. Kxd4 Rd8+ 32. Kc3 g6 33. Be3 Kf7 34. Bd4 Rh8 35. Rb2 Rh3+ 36. Kb4 Rf3 37. Rf2 Rd3 38. Bc3 Re3 39. Bd2 Rd3 40. Bc3 Re3 41. Rf1 Re4+ 42. Kc5 Re3 43. Kd4 Rh3 44. Rf2 Bd5 45. a4 b4 46. Bxb4 Rxb3 47. Bd6 Rb1 48. a5 Rb5 49. Bc7 Rb4+ 50. Kd3 Kg8 1/2-1/2

[Event "Brno op 2nd"]
[Site "Brno"]
[Date "2011.11.15"]
[Round "4"]
[White "Medunova, Vera"]
[Black "Havel, Frantisek"]
[Result "1-0"]
[WhiteElo "2088"]
[BlackElo "1918"]
[PlyCount "67"]
[EventDate "2011.11.12"]
[EventType "swiss"]
[EventRounds "9"]
[EventCountry "CZE"]
[SourceTitle "EXT 2012"]
[Source "ChessBase"]
[SourceDate "2011.11.24"]
[SourceVersion "1"]
[SourceVersionDate "2011.11.24"]
[SourceQuality "1"]

1. e4 d5 2. exd5 Qxd5 3. Nc3 Qa5 4. d4 Nf6 5. Bc4 Bf5 6. Bd2 c6 7. Nd5 Qd8 8. Nxf6+ gxf6 9. Nf3 e6 10. Bb3 Qd6 11. Qe2 Nd7 12. 0-0-0 a5 13. a3 b5 14. Nh4 Bg6 15. g3 Nb6 16. f4 f5 17. g4 Qe7 18. g5 Bg7 19. Be1 Qd6 20. Rf1 Nd5 21. Qf3 Ra7 22. Rd3 Bf8 23. Ng2 h6 24. h4 hxg5 25. hxg5 Bh5 26. Qf2 Be7 27. Rh1 Nxf4 28. Nxf4 Bxg5 29. Bd2 f6 30. Rxh5 Rxh5 31. Nxh5 Rh7 32. Bxg5 Rxh5 33. Bxf6 Rh1+ 34. Rd1 1-0